<?xml version="1.0" encoding="UTF-8"?>
<record
    xmlns:xsi="http://www.w3.org/2001/XMLSchema-instance"
    xsi:schemaLocation="http://www.loc.gov/MARC21/slim http://www.loc.gov/standards/marcxml/schema/MARC21slim.xsd"
    xmlns="http://www.loc.gov/MARC21/slim">

  <leader>00496nam a2200145Ia 4500</leader>
  <controlfield tag="008">100122s9999    xx            000 0 und d</controlfield>
  <datafield tag="082" ind1=" " ind2=" ">
    <subfield code="b">10429</subfield>
    <subfield code="a">321.4</subfield>
  </datafield>
  <datafield tag="100" ind1=" " ind2=" ">
    <subfield code="a">&#x906;&#x920;&#x935;&#x932;&#x947; &#x938;&#x926;&#x93E;&#x936;&#x93F;&#x935;</subfield>
  </datafield>
  <datafield tag="245" ind1=" " ind2=" ">
    <subfield code="a">&#x932;&#x94B;&#x915;&#x936;&#x93E;&#x939;&#x940;&#x91A;&#x93E; &#x915;&#x93E;&#x930;&#x92D;&#x93E;&#x930;</subfield>
  </datafield>
  <datafield tag="260" ind1=" " ind2=" ">
    <subfield code="b">&#x938;&#x92E;&#x93E;&#x91C; &#x92A;&#x94D;&#x930;&#x92C;&#x94B;&#x927;&#x928; &#x938;&#x902;&#x938;&#x94D;&#x925;&#x93E;</subfield>
    <subfield code="c">1960</subfield>
  </datafield>
  <datafield tag="300" ind1=" " ind2=" ">
    <subfield code="a">120</subfield>
  </datafield>
  <datafield tag="630" ind1=" " ind2=" ">
    <subfield code="a">&#x932;&#x94B;&#x915;&#x936;&#x93E;&#x939;&#x940;&#x91A;&#x93E; &#x915;&#x93E;&#x930;&#x92D;&#x93E;&#x930;</subfield>
  </datafield>
  <datafield tag="730" ind1=" " ind2=" ">
    <subfield code="a">&#x932;&#x94B;&#x915;&#x936;&#x93E;&#x939;&#x940;&#x91A;&#x93E; &#x915;&#x93E;&#x930;&#x92D;&#x93E;&#x930;</subfield>
  </datafield>
  <datafield tag="942" ind1=" " ind2=" ">
    <subfield code="c">BOOK</subfield>
  </datafield>
  <datafield tag="999" ind1=" " ind2=" ">
    <subfield code="c">402077</subfield>
    <subfield code="d">402074</subfield>
  </datafield>
</record>
